000 01439cam a2200421 i 4500
999 _c118188
_d118188
001 17556509
003 BJBSDDR
005 20230411090902.0
006 a|||||r|||| 00| 0
007 ta
008 121030s2012 fr b 000 0 fre
010 _a 2012553182
020 _a9782358720373 (pbk.)
020 _a2358720372 (pbk.)
040 _aDLC
_beng
_cDLC
_erda
041 _afre
042 _apcc
043 _ae-fr---
050 1 4 _aPN 5184
_bS839p 2012
100 1 _aStern, Jean,
_d1956-
_926461
245 1 4 _aLes patrons de la presse nationale :
_btous mauvais /
_cJean Stern ; enquête avec la collaboration d'Olivier Tosas-Giro.
264 1 _aParis :
_bLa Fabrique éditions,
_c[2012]
300 _a190 pages ;
_c20 cm
336 _atext
_2rdacontent
337 _aunmediated
_2rdamedia
338 _avolume
_2rdacarrier
504 _aIncludes bibliographical references (pages 187-190).
650 0 _aPress
_xEconomic aspects
_zFrance
_xHistory.
650 4 _aPrensa
_xAspectos económicos
_zFrancia
_94847
650 0 _aPress monopolies
_zFrance
_xHistory.
650 4 _aMonopolios periodísticos
_zFrancia
_926462
650 0 _aJournalistic ethics
_zFrance.
650 4 _aEtica periodística
_zFrancia
_91335
700 1 _aTosas-Giro, Olivier
_926463
_ecolaborador
906 _a7
_bcbc
_corigres
_d3
_encip
_f20
_gy-gencatlg
942 _2lcc
_cBK